00457nam a22001457a 450000500170000000800410001702000150005804100130007308200130008610000130009924500810011226000580019330000340025165000260028520240123064422.0240123b |||||||| |||| 00| 0 eng d a0409004057 aEnglish  a349 JOU  lEnglish  aThe Law of South Africa : Cumulative Supplement 1982 / cedited by JA Faris  aDurban : bButterworth and Company (Pty) Ltd, c1982  bxiii, 416 pages ; c26,5 cm.  aLegal practice bLaw